000
00311nam a22001337a 4500
008
170531b xxu||||| |||| 00| 0 eng d
020
_a
0884109488
041
_a
eng
080
_a
94(7/8)
100
_a
17
101
_a
SHH
245
_a
EXCHANGE, RATES, TRADE & THE U.S ECONOMY
_c
ARNDT, S.W
942
_2
udc
_c
BK
999
_c
15168
_d
15168